000 01568nam a2200361 a 4500
999 _c122423
_d122423
003 BLK
005 20240319090851.0
008 180409b bul|||||r ||||||| ||bul||
010 _aKNG00128060000
040 _aBLK
041 _aBUL
_cBUL
080 _aБългарска литература
_b821.163.2
_x-2
_z821.163.2-2
100 _aАсенов, Драгомир
_gМеламед, Жак Нисим
_cПисател. Работил в русенския в. "Дунавски отечествен фронт", един от основателите на "Дунавски културен фронт"
_d1926 - 1981
_9272757
139 _aАсенов, Драгомир
_bА 92
245 1 0 _aРожден ден
_cДрагомир Асенов.
245 1 0 _aРози за д-р Шомов
245 1 0 _aРазходка в събота вечер
245 1 0 _aГорещи нощи в Аркадия
245 1 0 _aПрофесия за ангели
245 1 0 _aЗлатното покритие
_bПиеси
257 _aBGR
260 _aСофия
_bБълг. писател
_c1976
300 _a444 с.
_b1 л. портр.
_c21 см
380 _aX
500 _aИстинското име на авт. е Жак Нисим Меламед. - 2 050 тир.
852 _aЦб 80017
_bЦб
856 4 _qpdf
_i0.00
_ldisable
856 4 _qpdf
_i0.00
_ldisable
942 _cKNG
_n0
_s1
944 _aCR
_c29.02.2012
_lМоника Янева
_k30570
944 _aED
_c2022-10-13
_kир
999 _d122423